ბათუმის შოთა რუსთაველის სახელმწიფო უნივერსიტეტის ბიბლიოთეკა

დიდი წიგნის შავი ნაწილი, მოგვი მკურნალი : (ბიბ.ჩანაწერი № 54729)

000 -ლიდერი
ფიქსირებული სიგრძის საკონტროლო ველი 01370nam a2200277Ia 4500
001 - საკონტროლო ნომერი
საკონტროლო ველი 21796
003 - საკონტროლო ნომრის იდენტიფიკატორი
საკონტროლო ველი GE_BSU
005 - ბოლო ოპერაციის თარიღი და დრო
საკონტროლო ველი 20220516150823.0
008 - ფიქსირებული სიგრძის მონაცემთა ელემენტები - ზოგადი ინფორმაცია
ფიქსირებული სიგრძის საკონტროლო ველი 181216s2016||||ge |||||||||||||| ||geo||
020 ## - წიგნის საერთაშორისო სტანდარტული ნომერი
International Standard Book Number 9789941094750
040 ## - კატალოგიზაციის წყარო
Transcribing agency GE_BSU
041 ## - ენის კოდი
Language code of text/sound track or separate title geo
080 ## - უნივერსალური ათობითი კლასიფიკაციის ინდექსი
Universal Decimal Classification number 821.133.1-31 ი-95
100 ## - მთავარი ჩანაწერი - პიროვნების სახელი
Personal name იურსენარი, მარგარიტ
9 (RLIN) 13740
245 ## - ცნობა სათაურის შესახებ
Title დიდი წიგნის შავი ნაწილი, მოგვი მკურნალი :
Remainder of title რომანი /
Statement of responsibility, etc მარგარიტ იურსენარი ; ფრანგულიდან თარგმნა თამარ აბრამიშვილმა ; დიზაინერი სალომე რამიშვილი.
264 ## - წარმოების, გამოცემის, დისტრიბუციის და სხვა ცნობები
გამოცემის, წარმოების, დისტრიბუციის... ადგილი თბილისი :
გამოცემის, წარმოების, დისტრიბუციის... სახელწოდება Merebashvilitykesson publishing,
გამოცემის, წარმოების, დისტრიბუციის... თარიღი 2016.
300 ## - ფიზიკური აღწერა
Extent 324 გვ. ;
Dimensions 20 სმ.
653 ## - INDEX TERM--UNCONTROLLED
Uncontrolled term დიდი წიგნის შავი ნაწილი
653 ## - INDEX TERM--UNCONTROLLED
Uncontrolled term მოგვი მკურნალი
653 ## - INDEX TERM--UNCONTROLLED
Uncontrolled term რომანი
653 ## - INDEX TERM--UNCONTROLLED
Uncontrolled term მარგარიტ იურსენარი
700 ## - ADDED ENTRY--PERSONAL NAME
Personal name აბრამიშვილი, თამარ
Relator term მთარგმნელი
9 (RLIN) 13741
700 ## - ADDED ENTRY--PERSONAL NAME
Personal name რამიშვილი, სალომე
Relator term დიზაინერი
9 (RLIN) 13742
942 ## - ADDED ENTRY ELEMENTS (KOHA)
Koha item type წიგნი
Source of classification or shelving scheme
ეგზემპლარები
ჩამოწერის სტატუსი დაკარგული ეგზემპლარის სტატუსი კლასიფიკაციის წყარო ან თაროზე გაწყობის სქემა დაზიანების სტატუსი არ გაიცემა მუდმივი მდებარეობა (დაცვის ადგილი) ამჟამინდელი ადგილსამყოფელი თაროზე განთავსების ადგილი შეძენის თარიღი ღირებულება, შესყიდვის ნორმალური ფასი სრული შენახვის შიფრი შტრიხკოდი ბოლო ოპერაციის თარიღი ეგზემპლარის მიმდევრობითი ნომერი (კეტერი?) ფასის ძალაში შესვლის თარიღი ეგზემპლარის სახეობა საჯარო შენიშვნა
          ბათუმის შოთა რუსთაველის სახელმწიფო უნივერსიტეტის მთავარი ბიბლიოთეკა ბათუმის შოთა რუსთაველის სახელმწიფო უნივერსიტეტის მთავარი ბიბლიოთეკა წიგნსაცავი 2018-12-17 5.00 821.133.1-31 ი-95 56205 2018-12-17 56205 2018-12-17 წიგნი 5.00 ₾.